Organizational behavior and management /

Đã lưu trong:
Chi tiết về thư mục
Tác giả chính: Ivancevich, John M
Định dạng: Sách
Ngôn ngữ:Vietnamese
Được phát hành: "McGraw-Hill Irwin" 2005
Các nhãn: Thêm thẻ
Không có thẻ, Là người đầu tiên thẻ bản ghi này!
Thư viện lưu trữ: Mạng thư viện Đại học Đà Nẵng
LEADER 00676nam a2200265 4500
001 000027569
003 IV-JN
005 20150403120000.0
008 150403s vm 000 vie
020 |c 0,0000 
040 |a notts 
100 |a Ivancevich, John M 
245 |a Organizational behavior and management /  |c John M. Ivancevich, Robert Konopaske, Michael T. Matteson. 
260 |b "McGraw-Hill Irwin"  |c 2005 
OWN |a LTT 
999 |a From the UDN01 
TYP |a Monograph 
TYP |a Printed language 
980 |a Mạng thư viện Đại học Đà Nẵng